Библиография изданий Российской академии наук: 1941-1945 (Запись № 1049871)

Подробности
000 -МАРКЕР
контрольное поле 01635nam1a2200337 i 4500
001 - ИДЕНТИФИКАТОР ЗАПИСИ
контрольное поле RU\NLR\bibl\1380283
005 - ИДЕНТИФИКАТОР ВЕРСИИ
контрольное поле 20260407130003.0
035 ## - ДРУГИЕ СИСТЕМНЫЕ НОМЕРА
Идентификатор записи (NLR Aleph) 001372375
100 ## - ДАННЫЕ ОБЩЕЙ ОБРАБОТКИ
Данные общей обработки 20090611d20069999u y0rusy50 ca
101 0# - ЯЗЫК РЕСУРСА
Язык текста, звукозаписи и т.д. русский
102 ## - СТРАНА ПУБЛИКАЦИИ ИЛИ ПРОИЗВОДСТВА
Страна публикации Российская Федерация
105 ## - ПОЛЕ КОДИРОВАННЫХ ДАННЫХ: ТЕКСТОВЫЕ МАТЕРИАЛЫ, МОНОГРАФИЧЕСКИЕ
Кодированные данные о монографическом текстовом документе ||||c |||||
200 1# - ЗАГЛАВИЕ И СВЕДЕНИЯ ОБ ОТВЕТСТВЕННОСТИ
Основное заглавие Библиография изданий Российской академии наук: 1941-1945
Сведения, относящиеся к заглавию ежегодник
Первые сведения об ответственности Рос. акад. наук, Б-ка Рос. акад. наук
Последующие сведения об ответственности [редкол.: Н.М. Баженова и др.]
210 ## - ПУБЛИКАЦИЯ, РАСПРОСТРАНЕНИЕ И ДР.
Место издания, распространения и т.д. Санкт-Петербург
Имя издателя, распространителя и т. д. БАН
-- Альфарет
Дата издания, распространения и т.д. 2006
215 ## - ФИЗИЧЕСКАЯ ХАРАКТЕРИСТИКА
Размеры 24
225 1# - СЕРИЯ
Основное заглавие серии Мемориальный проект
Сведения об ответственности ред. совет: Н.М. Баженова [и др.]
300 ## - ОБЩИЕ ПРИМЕЧАНИЯ
Текст примечания С вып. 2 общ. загл.: Библиография изданий Академии наук СССР: 1941-1945
463 #0 - УРОВЕНЬ ФИЗИЧЕСКОЙ ЕДИНИЦЫ
Встроенное поле 0011054762
463 #0 - УРОВЕНЬ ФИЗИЧЕСКОЙ ЕДИНИЦЫ
Встроенное поле 0011340846
517 0# - ДРУГИЕ ВАРИАНТЫ ЗАГЛАВИЯ
Вариант заглавия Библиография изданий Академии наук СССР: 1941-1945
601 02 - НАИМЕНОВАНИЕ ОРГАНИЗАЦИИ КАК ПРЕДМЕТ
Начальный элемент ввода Академия наук СССР
Формальный подзаголовок Библиография
Тематический подзаголовок Издания
Хронологический подзаголовок 1941 - 1945
Системный номер авторитетной/нормативной записи 2583364
Идентификатор авторитетной/нормативной записи RU\NLR\auth\661527063
686 ## - ИНДЕКСЫ ДРУГИХ КЛАССИФИКАЦИЙ
Индекс Я175(2)11
702 #1 - ИМЯ ЛИЦА - ВТОРИЧНАЯ ОТВЕТСТВЕННОСТЬ
Начальный элемент ввода Баженова
Часть имени, кроме начального элемента ввода Н. М.
Код отношения Редактор
711 02 - НАИМЕНОВАНИЕ ОРГАНИЗАЦИИ - АЛЬТЕРНАТИВНАЯ ОТВЕТСТВЕННОСТЬ
Начальный элемент ввода АН СССР
Идентификатор авторитетной/нормативной записи RU\NLR\AUTH\881046
Системный номер авторитетной/нормативной записи 272478
712 02 - НАИМЕНОВАНИЕ ОРГАНИЗАЦИИ - ВТОРИЧНАЯ ОТВЕТСТВЕННОСТЬ
Код отношения Прочие
Начальный элемент ввода Российская академия наук
Структурное подразделение Библиотека
Идентифицирующий признак Санкт-Петербург
Идентификатор авторитетной/нормативной записи RU\NLR\AUTH\889973239
Системный номер авторитетной/нормативной записи 442976
801 #0 - ИСТОЧНИК ЗАПИСИ
Страна Российская Федерация
Организация NLR
Дата составления 20090611
Правила каталогизации RCR
801 #1 - ИСТОЧНИК ЗАПИСИ
Страна Российская Федерация
Организация NLR
Дата составления 20090611
852 ## - МЕСТОНАХОЖДЕНИЕ И ШИФР ХРАНЕНИЯ
Идентификатор организации NLR
Наименование фонда или коллекции (Sub-Location Identifier) С
Шифр хранения (Call Number) 2009-4/31
942 ## - ДОПОЛНИТЕЛЬНЫЕ ЭЛЕМЕНТЫ ЗАПИСИ (АБИС)
Тип экземпляра АБИС Книга

Нет доступных экземпляров.